Monument a hodnota impresie Stanislav Harangozó, akademický maliar a pedagóg

Bibliographic Details
Main Authors: Skrak, Ladislav, 1951- (ain), Harangozó, Stanislav, 1946- (Author, uin)
Format: Article
Language:Slovak
PhysicalDescription:Fotogr.
ISSN:1335-468X
Subjects:

MARC

LEADER 00000nab a2200000 a 4500
001 vtls000762326
003 SK-MaSNL
005 20260302153845.0
008 160322c2001 xo 0 slo
015 |a SNBRB2001/09-27412 
035 |a CLN000114113 
040 |a SNKBUCL  |b slo  |c SNKBUCL  |e AACR2 
041 0 |a slo 
044 |a xo  |c SK 
080 |a 75.071.1  |2 UDC-MRF-SK2 
080 |a 929 Harangozó, Stanislav  |2 UDC-MRF-SK2 
100 1 |a Skrak, Ladislav,  |d 1951-  |4 ain  |9 182622 
245 1 0 |a Monument a hodnota impresie  |b Stanislav Harangozó, akademický maliar a pedagóg  |c s hosťom Slova sa rozpráva Ladislav Skrak 
300 |b Fotogr. 
600 1 7 |a Harangozó, Stanislav,  |d 1946-  |2 snkbucl  |9 97546 
655 7 |a články z novín a časopisov  |2 snkbucl  |9 267496 
700 1 |a Harangozó, Stanislav,  |d 1946-  |4 aut  |4 uin  |9 97546 
773 0 |x 1335-468X  |t Slovo. Politicko-spoločenský týždenník  |g Roč. 3, č. 35 (2001), s. 4 
850 |a Slovenská národná knižnica v Martine 
852 |a SNK  |b KIS3GCP 
958 |a SK 
958 |a BX 
958 |a RBX 
999 |c 1366689  |d 1368619